Name the fall out boy son - Statistics

General Stats
  • This quiz has been taken 314 times
  • The average score is 2 of 5
Answer Stats
Hint Answer % Correct
They say we are what we are But we don't have to be. I'm bad behavior but I do it in the best way. immortals
87%
Are you ready for another bad poem? another off key anthem rat a tat
81%
You are a brick tied to me that's dragging me down Strike a match and I'll burn you to the ground We are the jack-o-lanterns in July the phoniex
10%
When I was younger I couldn't wait for the days to pass Now I know they'll never last And I just want my childhood back american made
8%
They've got us surrounded; we're in their sights But they're not taking us alive Hot to the touch, cold on the inside But they're not taking us alive hot to the touch cold in the inside
1%
No matching quizzes found
Score Distribution
Percent of People with Each Score
Percentile by Number Answered
Your Score History
You have not taken this quiz